Red Dead Redemption 2 Van der Linde Gang - Statistics

General Stats
  • This quiz has been taken 844 times
  • The average score is 22 of 27
Answer Stats
Role Answer % Correct
Lead Enforcer Arthur Morgan
99%
Leader Dutch Van der Linde
99%
Co-Founder Hosea Matthews
96%
Gunman John Marston
95%
Gunman Bill Williamson
93%
Child Jack Marston
93%
Gunman Micah Bell
90%
Prostitute Abigail Roberts
89%
Gunman Sean MacGuire
89%
Cook Simon Pearson
89%
Gunman Javier Escuella
88%
Bookkeeper Leopold Strauss
86%
Maidhand Tilly Jackson
86%
Gunwoman Sadie Adler
85%
Thief Karen Jones
83%
Gunman Lenny Summers
83%
Arbiter Susan Grimshaw
83%
Gunman Charles Smith
82%
Preacher Reverend Orville Swanson
81%
Stable Boy Kieran Duffy
80%
Thief Mary-Beth Gaskill
80%
Thief Uncle
68%
Thief Molly O'Shea
66%
Conman Josiah Trelawney
64%
Gunman Mac Callander
42%
Gunman Davey Callander
41%
Unknown Jenny Kirk
41%
No matching quizzes found
Score Distribution
Percent of People with Each Score
Percentile by Number Answered
Your Score History
You have not taken this quiz